00756nam a2200229Ia 4500003000900000005001700009008004100026040001300067040001300080041000800093100002800101100001400129245010400143250001400247260001300261260000900274300001000283490000600293942001200299999001700311952019800328IT-RoPAU20220918175638.0120407s9999 xx 000 0 und d aIT-RoPAU cIT-RoPAU aita aB. Juan Ferreres935133 cs.j.9337 aTesoro del sacerdote... Liturgia, oratoria y teologia pastoral, por el P. José Mach, S.J. 16a ed. aBarcelona aSubirana c1927 c22 cm v1 cBK2ddc c23108d23108 00102ddc406253_200000000000000_771aPAULUSbPAULUSd2012-04-11l0o253.2.7r2012-04-11 00:00:00w2012-04-11yBKzInserito da: Jole In data: 22 luglio 2011 fondo: Via A.Severo 56 Progr:34948